Journal of algorithms

Saved in:
Bibliographic Details
Format: Serial
Language:English
Published: San Diego : Academic Press, 1980-
Subjects:
Tags: Add Tag
No Tags, Be the first to tag this record!

MARC

LEADER 00000nas a2200000 i 4500
001 1/25641
008 020705c19809999 eng d
022 |a 01966774 
035 |l 10068102 
040 |a GR-MY-UA  |b gre  |e aacr 
041 0 |a eng 
082 0 |a 511.805 
245 1 0 |a Journal of algorithms  |h [περιοδικό] 
260 |a San Diego :   |b Academic Press,   |c 1980- 
300 |a v.;  |c 23 cm. 
310 |a Bimonthly, Jan. 1994- ; Quarterly, 1980-1993 
650 0 0 |a Computer algorithms  |x Periodicals. 
650 0 0 |a Computer programming  |x Periodicals. 
853 |a INST  |b SAMOS  |c SER 
922 |a 3ΕΛΗ  |b 200207  |c ΤΜΗΜΑ ΜΑΘΗΜΑΤΙΚΩΝ  |d LEADER BOOKS